Paul, life and letters. (Record no. 16953)

000 -LEADER
fixed length control field 00539nam a2200181 a 4500
001 - CONTROL NUMBER
control field :::00020297$&:&@@
003 - CONTROL NUMBER IDENTIFIER
control field OkBaRHE
005 - DATE AND TIME OF LATEST TRANSACTION
control field 20100331124113.0
008 - FIXED-LENGTH DATA ELEMENTS--GENERAL INFORMATION
fixed length control field s1973 j 000 0 eng u
040 ## - CATALOGING SOURCE
Transcribing agency
100 1# - MAIN ENTRY--PERSONAL NAME
Personal name Hall, Newton M., and Wood, Irving F.
245 10 - TITLE STATEMENT
Title Paul, life and letters.
260 ## - PUBLICATION, DISTRIBUTION, ETC. (IMPRINT)
Place of publication, distribution, etc Chicago
Name of publisher, distributor, etc John Rudin & Company
Date of publication, distribution, etc 1973
300 ## - PHYSICAL DESCRIPTION
Extent 534 p.
490 0# - SERIES STATEMENT
Series statement The Book of Life
942 ## - ADDED ENTRY ELEMENTS (KOHA)
Source of classification or shelving scheme
Koha item type Books
Copies
Date acquired Date last seen Damaged status Koha item type Not for loan Current Location Date checked out Withdrawn status Shelving location Source of classification or shelving scheme Barcode Price effective from Permanent Location Copy number Lost status Total Checkouts Full call number
2010-04-142019-04-19 Books RHEMA Bible Training College2019-04-12 General Stacks 202972010-04-14RHEMA Bible Training College1 1BS 551 .A3 V.8